00584nam a2200193 a 450000500170000000800410001701000140005802000260007203500130009803700150011104000180012608200060014410000230015024500570017326000520023027000660028230000220034865000200037020020626165708.0000825s2001 nyu | b 00| 1 eng  aENG-91576 a9788124114384c250.00 aEN-75109 bDBAD / PUB adplbEnglish  aN aSubramanian, N.V.  aCourtesan of storms:cby N.V. Subramanianba novel / aNew Delhi bHar-Anand Publicationsc2008(repr.) aE-49/3, Okhla Industrial Area, Phase-II, bNew Delhi e110020 a139p.c22cm (pbk) aEnglish fiction